000 00485naa a22001217u 4500
008 130517b2009 xxu||||| |||| 00| 0 spa d
040 _aSPA
100 1 _aRodríguez Panizo, Pedro
_d(1960-)
_9109898
245 0 0 _aEl cristianismo y las religiones según Joseph Ratzinger
300 _a243-276 p.
_c21 cm
773 0 _tEl pensamiento de Joseph Ratzinger:Teólogo y Papa
_aMADRIGAL, Santiago
_dMadrid,San Pablo,2009,
_gpágs. 243-276 p.
_oM.21935-2009
_z978-84-285-3488-8,
_w85667
942 _cAC
999 _c220540
_d220540